DACH-Länder - 10 größte Städte - Statistiken

Allgemein
  • Dieses Quiz wurde 141 mal gespielt
  • Das Durchschnittsergebnis liegt bei 22 aus 30
Antwortstatistiken
Einwohner Antwort % Korrekt
2.028.399 Wien
100%
3.685.265 Berlin
99%
1.862.565 Hamburg
99%
1.024.621 Köln
99%
137.963 Bern
98%
1.505.005 München
98%
756.021 Frankfurt a. M.
96%
618.685 Düsseldorf
95%
436.370 Zürich
95%
612.663 Stuttgart
94%
603.462 Dortmund
93%
157.659 Salzburg
91%
208.991 Genf
88%
305.232 Graz
88%
611.850 Leipzig
88%
177.522 Basel
85%
586.271 Bremen
84%
213.557 Linz
84%
132.499 Innsbruck
82%
105.256 Klagenfurt
63%
144.809 Lausanne
55%
89.217 Luzern
55%
78.839 St. Gallen
55%
59.767 St. Pölten
46%
65.749 Villach
43%
120.344 Winterthur
40%
63.621 Lugano
36%
56.836 Biel
30%
65.482 Wels
29%
52.108 Dornbirn
28%
Keine übereinstimmenden Quizze gefunden
Verteilung der Resultate
Anzahl Personen mit jedem Resultat
Perzentil nach korrekt beantworteten Fragen
Ihre Resultats-Entwicklung
Sie haben dieses Quiz noch nicht gespielt